Geography by Letter on the World Map - Y - Statistics

General Stats
  • This quiz has been taken 680 times
  • The average score is 11 of 18
Answers on the Map
Answers color-coded by a green-red scale on the quiz's map according to % correct below.
 
Answer Stats
Answer % Correct
Yemen
95%
Yucatán
92%
Yukon
85%
Yale
82%
Yangtze
82%
Yellowstone
75%
Yerevan
71%
Yaoundé
66%
Yosemite
64%
Yokohama
63%
Yangon
62%
Yamoussoukro
55%
Yellowknife
53%
Yekaterinburg
51%
Yalta
50%
Ypres
40%
Yenisei
35%
Yogyakarta
22%
No matching quizzes found
Score Distribution
Percent of People with Each Score
Percentile by Number Answered
Your Score History
You have not taken this quiz